UM Logo

Design procedure and efficiency analysis of a 99.3% efficient 10 kW three-phase three-level hybrid GaN/Si active neutral point clamped converter / (Record no. 19420)

MARC details
000 -LEADER
fixed length control field 01071nam a22002297a 4500
003 - CONTROL NUMBER IDENTIFIER
control field OSt
005 - DATE AND TIME OF LATEST TRANSACTION
control field 20250916095333.0
008 - FIXED-LENGTH DATA ELEMENTS--GENERAL INFORMATION
fixed length control field 240228b ||||| |||| 00| 0 eng d
040 ## - CATALOGING SOURCE
Transcribing agency 0
082 ## - DEWEY DECIMAL CLASSIFICATION NUMBER
Classification number DPer 621.317 Ie21 June 2022 v. 37 n. 6
100 ## - MAIN ENTRY--PERSONAL NAME
Personal name Najjar, Mohammad.
Relator term author.
9 (RLIN) 53603
245 ## - TITLE STATEMENT
Title Design procedure and efficiency analysis of a 99.3% efficient 10 kW three-phase three-level hybrid GaN/Si active neutral point clamped converter /
Statement of responsibility, etc. Mohammad Najjar, Alireza Kouchaki, Jesper Nielsen, Radu Dan Lazar, and Morten Nymand.
260 ## - PUBLICATION, DISTRIBUTION, ETC. (IMPRINT)
Place of publication, distribution, etc. New York ;
Name of publisher, distributor, etc. The Institute of Electrical and Electronics Engineers, Inc. ,
Date of publication, distribution, etc. June 2022.
300 ## - PHYSICAL DESCRIPTION
Extent Volume 37, pages 6698-6710 :
Other physical details illustration ;
Dimensions 29 cm.
500 ## - GENERAL NOTE
General note IEEE Transactions on Power Electronics, vol. 37, no. 6, pages 6698-6710, June 2022.
700 ## - ADDED ENTRY--PERSONAL NAME
Personal name Najjar, Mohammad.
Relator term author.
9 (RLIN) 53603
700 ## - ADDED ENTRY--PERSONAL NAME
Personal name Kouchaki, Alireza.
Relator term author.
9 (RLIN) 53604
700 ## - ADDED ENTRY--PERSONAL NAME
Personal name Nielsen, Jesper.
Relator term author.
9 (RLIN) 53605
700 ## - ADDED ENTRY--PERSONAL NAME
Personal name Lazar, Radu Dan.
Relator term author.
9 (RLIN) 53606
700 ## - ADDED ENTRY--PERSONAL NAME
Personal name Nymand, Morten.
Relator term author.
9 (RLIN) 53607
942 ## - ADDED ENTRY ELEMENTS (KOHA)
Source of classification or shelving scheme Dewey Decimal Classification
Koha item type Periodicals
Holdings
Withdrawn status Lost status Source of classification or shelving scheme Damaged status Not for loan Collection code Home library Current library Date acquired Total Checkouts Full call number Date last seen Price effective from Koha item type Public note
    Dewey Decimal Classification     Periodicals UM Digos College - LIC UM Digos College - LIC 02/28/2024   DPer 621.317 Ie21 June 2022 v.37 n. 6 02/28/2024 02/28/2024 Periodicals Periodical Article